[Event "Mersin op 1st"]
[Site "Mersin"]
[Date "2016.10.26"]
[Round "5"]
[White "Hajiyev, Shahin Qabil"]
[Black "Polat, Ferit"]
[Result "1-0"]
[WhiteElo "2007"]
[BlackElo "1723"]
[PlyCount "79"]
[EventDate "2016.10.23"]
[EventType "swiss"]
[EventRounds "9"]
[EventCountry "TUR"]
[SourceTitle "EXT 2018"]
[Source "ChessBase"]
[SourceDate "2017.10.13"]
[SourceVersion "1"]
[SourceVersionDate "2017.10.13"]
[SourceQuality "1"]

1. d4 Nf6 2. c4 e6 3. Nc3 Bb4 4. Bg5 0-0 5. e3 d5 6. Nf3 c6 7. Qc2 h6 8. Bh4 Nbd7 9. cxd5 exd5 10. Bd3 Re8 11. 0-0 Be7 12. Bg3 Nh5 13. Nxd5 Nxg3 14. Nxe7+ Qxe7 15. hxg3 c5 16. Rac1 cxd4 17. Nxd4 Nf8 18. Qe2 Be6 19. Nxe6 Nxe6 20. Rc4 Rad8 21. Qc2 Rd6 22. Rc1 Red8 23. Rc8 Nf8 24. Rxd8 Qxd8 25. Rd1 Ne6 26. Be2 Rxd1+ 27. Qxd1 Qxd1+ 28. Bxd1 Kf8 29. Kf1 Ke7 30. Ke2 Nc5 31. Bc2 Kd6 32. e4 Na6 33. Ke3 f6 34. a3 Nc5 35. b4 Ne6 36. Bb3 Nc7 37. Bc4 b6 38. Kd4 a6 39. f4 Ne8 40. Bxa6 1-0

[Event "Mersin op 1st"]
[Site "Mersin"]
[Date "2016.10.23"]
[Round "1"]
[White "Polat, Ferit"]
[Black "Duman, Aydin"]
[Result "0-1"]
[WhiteElo "1723"]
[BlackElo "2079"]
[PlyCount "77"]
[EventDate "2016.10.23"]
[EventType "swiss"]
[EventRounds "9"]
[EventCountry "TUR"]
[SourceTitle "EXT 2018"]
[Source "ChessBase"]
[SourceDate "2017.10.13"]
[SourceVersion "1"]
[SourceVersionDate "2017.10.13"]
[SourceQuality "1"]

1. d4 Nf6 2. c4 c5 3. Nf3 cxd4 4. Nxd4 e6 5. Nc3 Bb4 6. e3 Ne4 7. Qb3 Na6 8. Be2 Qa5 9. Bd2 Nac5 10. Qc2 Nxd2 11. Kxd2 Bxc3+ 12. bxc3 0-0 13. Rab1 f5 14. Nb3 Qc7 15. Nxc5 Qxc5 16. Rb5 Qc6 17. Bf3 Qxc4 18. Rhb1 d5 19. R5b4 Qc7 20. g3 Rd8 21. Bg2 Rd6 22. Ke1 a5 23. Rb5 Raa6 24. c4 Rdc6 25. c5 b6 26. Rc1 Rxc5 27. Rxc5 bxc5 28. Qxc5 Qxc5 29. Rxc5 Bd7 30. Kd2 Kf7 31. Bf1 Ra7 32. h4 Ke7 33. Bd3 Kd6 34. Rc2 Rb7 35. f4 a4 36. Kc3 Rb1 37. Rb2 Rg1 38. Kd4 Rxg3 39. Rh2 0-1